Peter pan / (Record no. 358087)
[ view plain ]
| 000 -LEADER | |
|---|---|
| fixed length control field | 00465nam a2200205Ia 4500 |
| 008 - FIXED-LENGTH DATA ELEMENTS--GENERAL INFORMATION | |
| fixed length control field | 180628s9999 xx 000 0 und d |
| 020 ## - INTERNATIONAL STANDARD BOOK NUMBER | |
| International Standard Book Number | 978-0-553-21178-8 |
| 050 ## - LIBRARY OF CONGRESS CALL NUMBER | |
| Classification number | CLA B37p |
| 050 ## - LIBRARY OF CONGRESS CALL NUMBER | |
| Item number | 2008 |
| 100 ## - MAIN ENTRY--PERSONAL NAME | |
| Personal name | Barrie, J. M. |
| 245 #0 - TITLE STATEMENT | |
| Title | Peter pan / |
| 245 #0 - TITLE STATEMENT | |
| Statement of responsibility, etc | J. M. Barrie. |
| 260 ## - PUBLICATION, DISTRIBUTION, ETC. (IMPRINT) | |
| Place of publication, distribution, etc | New York : |
| 260 ## - PUBLICATION, DISTRIBUTION, ETC. (IMPRINT) | |
| Name of publisher, distributor, etc | Bantam Books, |
| 260 ## - PUBLICATION, DISTRIBUTION, ETC. (IMPRINT) | |
| Date of publication, distribution, etc | 2008 |
| 300 ## - PHYSICAL DESCRIPTION | |
| Extent | 164 pages : |
| 300 ## - PHYSICAL DESCRIPTION | |
| Dimensions | 18 cm. |
| 500 ## - GENERAL NOTE | |
| General note | Bantam classic. |
| 650 ## - SUBJECT ADDED ENTRY--TOPICAL TERM | |
| Topical term or geographic name as entry element | Fantasy. |
| Withdrawn status | Lost status | Damaged status | Home library | Current library | Shelving location | Date acquired | Cost, normal purchase price | Total Checkouts | Full call number | Barcode | Date last seen | Price effective from | Koha item type |
|---|---|---|---|---|---|---|---|---|---|---|---|---|---|
| South Mansfield College | South Mansfield College | Classic Section | 06/19/2018 | 156.00 | CLA B37p 2008 | SMC06145 | 06/28/2018 | 06/28/2018 | Books |